| 000 | 00408pab a2200145 454500 | ||
|---|---|---|---|
| 008 | 180718b2012 xxu||||| |||| 00| 0 eng d | ||
| 100 | _aMoore, Geoff | ||
| 245 | _aVirtue in business: Alliance boots and an empirical exploration of MacIntyre's conceptual framework. | ||
| 260 | _c2012 | ||
| 300 | _ap.363-387. | ||
| 650 | _aOrganizations | ||
| 773 | _aOrganization Studies | ||
| 908 | _aN | ||
| 909 | _a95910 | ||
| 999 |
_c95910 _d95910 |
||